=LDR 00000nam 2200000 4500 =001 INLIS000000000037265 =005 20130612143013 =008 ***********************************Ind** =035 ##$$0010-061300000037265 =041 ##$$a Ind =082 ##$$a 745.5 =090 ##$$a 745.5, Sri b =100 ##$$a Sri Anggani =245 ##$$a Berkreasi dengan bugenvil, Sri Anggani; Editor, Petra Aqvina Budiarti =260 ##$$a 2010 $b Jakarta =300 ##$$a 68 hlm, Ilus, 21 cm =650 ##$$a Kerajinan Tangan =700 ##$$a Budiarti, Petra Aqvina =850 ##$$a NBPNMAT